Statistics for Words with double letters

Click here to take the quiz!

General Stats

  • This quiz has been taken 88 times
  • The average score is 13 of 24

Answer Stats

HintAnswer% Correct
EEGreen, Ghee, Eel, Reef, Amputee, etc.
93%
BBEbb, Rubble, Wobbly, Swabbie, Pebble, etc.
89%
OOFool, Ooze, Voodoo, Coolth, Groovy, etc.
86%
FFOffend, Officer, Riffraff, Affirm, Spiffy, Off, etc.
82%
GGStraggler, Toboggan, Rigging, Haggis, etc.
82%
LLLlama, Doll, Atoll, Folly, Metallic, etc.
81%
TTRattle, Risotto, Utter, Batter, Mutt, Attic, etc.
78%
DDOdd, Muddy, Addle, Ridden, Buddy, etc.
76%
PPOpponent, Happen, Rapport, Pepper, etc.
75%
SSKiss, Abyss, Bossy, Cypress, Lioness, etc.
74%
AAAardvark, Naan, Bazaar, Baa, Kraal, etc.
72%
CCAccurate, Moccasin, Bocce, Accent, etc.
68%
NNBanner, Cranny, Penny, Tonnage, Thinner, etc.
68%
RRHerring, Pyrrhic, Hurry, Terror, Burr, Err, etc.
64%
MMLemming, Immigrate, Mammal, Yummy, etc.
64%
ZZJazz, Dazzle, Buzzer, Huzzah, Pizza, etc.
57%
UUVacuum, Muumuu, Continuum, Squush, etc.
32%
JJHajj
21%
IIRadii, Skiing, Taxiing, Shiitake, Graffitiing, etc.
18%
VVBevvy, Savvy, Revved, Skivvies, Chivvy, etc.
17%
KKQuokka, Trekking, Bookkeeper, etc.
17%
HHFishhook, Hitchhike, Withhold, etc.
8%
WWPowwow, Glowworm, Arrowwood, etc.
3%
YYSayyid
0%

Score Distribution

Percentile by Number Answered

Percent of People with Each Score

Your Score History

You have not taken this quiz